Elenca la formazione - Finale UEFA Champions League 2015-2016 - Statistics

Statistiche generali
  • Questo quiz è stato fatto 185 volte
  • Il punteggio medio è 19 su 22
Statistiche sulle risposte
Ruolo Nazione Calciatore % Corretto
Attaccante Portogallo Cristiano Ronaldo
99%
Attaccante Galles Gareth Bale
99%
Portiere Slovenia Jan Oblak
99%
Attaccante Francia Karim Benzema
99%
Portiere Costa Rica Keylor Navas
99%
Centrocampista Croazia Luka Modrić
99%
Difensore Spagna Sergio Ramos
99%
Centrocampista Brasile Casemiro
98%
Difensore Spagna Daniel Carvajal
98%
Difensore Portogallo Pepe
98%
Centrocampista Germania Toni Kroos
98%
Difensore Brasile Marcelo
96%
Attaccante Francia Antoine Griezmann
94%
Difensore Uruguay Diego Godín
92%
Centrocampista Spagna Koke
92%
Difensore Montenegro Stefan Savić
84%
Difensore Brasile Filipe Luís
76%
Difensore Spagna Juanfran
73%
Centrocampista Spagna Saúl Ñíguez
71%
Centrocampista Spagna Gabi
64%
Attaccante Spagna Fernando Torres
62%
Centrocampista Argentina Augusto Fernández
15%
Nessun quiz corrispondente trovato
Distribuzione punteggi
Percentuale di utenti per punteggio
Percentile per numero di risposta
I tuoi punteggi nel tempo
Non hai fatto questo quiz